Les stations de métro de Madrid - Statistiques

Statistiques générales
  • Ce quiz a été pris 87 fois
  • Le résultat moyen est 43 sur 301
Statistiques - réponses
Ligne Stations % Correct
1 | 2 | 3 Sol
88%
1 | 5 Gran Via
67%
3 | 10 Plaza de Espana
65%
1 Atocha
58%
2 Retiro
58%
3 Moncloa
56%
1 | 10 Tribunal
56%
3 | 5 Callao
53%
8 Aeropuerto
51%
2 | 5 Opera
51%
6 | 8 | 10 Nuevos Ministerios
49%
6 | 10 Principe Pio
47%
3 | 4 | 6 Arguelles
44%
2 Banco de Espana
44%
1 | 4 Bilbao
44%
1 Chamartín
42%
10 Chamartin
42%
1 | 2 | 6 Cuatro Caminos
42%
3 Lavapiés
42%
10 Santiago Bernabeu
42%
2 Sevilla
42%
4 Colon
40%
5 | 10 Casa de Campo
35%
5 Chueca
35%
5 La Latina
35%
2 Santo Domingo
35%
8 | 9 Colombia
33%
2 Las Rosas
33%
1 | 4 Pinar de Chamartin
33%
1 Tirso de Molina
33%
1 Valdecarros
33%
1 Anton Martin
30%
4 | 6 | 7 | 9 Avenida de America
30%
3 Embajadores
30%
2 | 4 Goya
30%
1 Estacion del Arte
28%
1 | 9 | 10 Plaza de Castilla
28%
2 San Bernardo
28%
4 | 5 | 10 Alonso Martinez
26%
3 El Casar
26%
5 | 6 Oporto
26%
1 Tetuan
26%
3 Delicias
23%
8 Feria de Madrid
23%
2 Noviciado
23%
10 | 12 Puerta del Sur
23%
8 Aeropuerto T4
21%
10 Gregorio Maranon
21%
3 | 6 Legazpi
21%
2 | 5 Ventas
21%
4 | 5 | 6 Diego de Leon
19%
1 Iglesia
19%
10 Lago
19%
1 | 6 Pacifico
19%
3 Villaverde Alto
19%
5 Acacias
16%
1 Buenos Aires
16%
9 Ibiza
16%
5 | 9 Nunez de Balboa
16%
6 | 11 Plaza Eliptica
16%
6 Puerta del Angel
16%
2 Quevedo
16%
5 Ruben Dario
16%
8 Barajas
14%
10 Batan
14%
5 Piramides
14%
5 Puerta de Toledo
14%
3 San Cristobal
14%
4 Serrano
14%
5 Carabanchel
12%
3 Ciudad de los Angeles
12%
6 Ciudad Universitaria
12%
2 La Almudena
12%
6 Laguna
12%
4 | 8 Mar de Cristal
12%
3 Palos de la Frontera
12%
8 Pinar del Rey
12%
1 Puente de Vallecas
12%
6 Usera
12%
5 Alameda de Osuna
9%
4 Alfonso XIII
9%
10 Colonia Jardin
9%
10 Cuatro Vientos
9%
10 Cuzco
9%
1 Estrecho
9%
12 Getafe Central
9%
3 Hospital 12 de Octubre
9%
12 Hospital de Fuenlabrada
9%
4 Lista
9%
6 Opanel
9%
10 Tres Olivos
9%
5 Urgel
9%
9 Vicalvaro
9%
3 Almendrales
7%
5 Aluche
7%
4 Avenida de la Paz
7%
10 Aviacion Espanola
7%
1 Bambú
7%
2 | 7 Canal
7%
6 Carpetana
7%
4 Esperanza
7%
10 Fuencarral
7%
12 Fuenlabrada Central
7%
6 | 7 Guzman el Bueno
7%
1 La Gavia
7%
6 Manuel Becerra
7%
5 Marques de Vadillo
7%
6 Mendez Alvaro
7%
1 Menendez Pelayo
7%
12 Mostoles Central
7%
1 Nueva Numancia
7%
12 Parque Europa
7%
4 Prosperidad
7%
5 | 7 Pueblo Nuevo
7%
6 Republica Argentina
7%
1 Rios Rosas
7%
1 Sierra de Guadalupe
7%
12 Universidad Rey Juan Carlos
7%
4 Velazquez
7%
5 Vista Alegre
7%
12 Alcorcon Central
5%
6 Alto de Extremadura
5%
1 Alto del Arenal
5%
1 Alvarado
5%
9 Artilleros
5%
4 Arturo Soria
5%
4 Canillas
5%
11 Carabanchel Alto
5%
12 Hospital de Mostoles
5%
10 Hospital Infante Sofia
5%
10 Joaquin Vilumbrales
5%
12 Juan de la Cierva
5%
11 La Fortuna
5%
11 La Peseta
5%
1 Las Suertes
5%
12 Leganes Central
5%
6 Lucero
5%
4 Manoteras
5%
12 Manuela Malasana
5%
1 Miguel Hernandez
5%
7 Parque de las Avenidas
5%
12 Parque de los Estados
5%
12 Parque Lisboa
5%
12 Parque Oeste
5%
9 Pavones
5%
9 Pio XII
5%
7 Pitis
5%
1 Portazgo
5%
2 | 9 Principe de Vergara
5%
5 Quintana
5%
3 San Fermin-Orcasur
5%
4 San Lorenzo
5%
1 Valdeacederas
5%
9 Valdebernardo
5%
3 Ventura Rodrigez
5%
3 Villaverde Bajo-Cruce
5%
9 Vinateros
5%
2 Alsacia
2%
9 Arganda del Rey
2%
6 Arganzuela-Planetario
2%
7 Ascao
2%
9 Barrio del Pilar
2%
10 Begona
2%
5 Canillejas
2%
5 Ciudad Lineal
2%
1 Congosto
2%
5 El Capricho
2%
5 El Carmen
2%
7 Francos Rodriguez
2%
7 Gregorio Maranion
2%
4 Hortaleza
2%
2 La Elipa
2%
9 La Poveda
2%
12 Loranca
2%
2 Manuel Becarra
2%
6 Mongloa
2%
6 O’Donnell
2%
9 Paco de Lucia
2%
4 Parque de Santa Maria
2%
9 Rivas Futura
2%
9 Rivas Urbanizaciones
2%
9 Rivas Vaciamadrid
2%
6 | 9 Sainz de Baranda
2%
7 San Blas
2%
9 San Cipriano
2%
5 Suanzes
2%
5 Torre Arias
2%
9 Ventilla
2%
1 Villa de Vallecas
2%
6 Vincente Aleixandre
2%
11 Abrantes
0%
7 Alonso Cano
0%
12 Alonso de Mendoza
0%
7 Antonio Machado
0%
12 Arroyo Culebro
0%
7 Arroyofresno
0%
2 Avda. Guadalajara
0%
7 Avenida de la Illustracion
0%
7 Barrio de la Concepcion
0%
7 Barrio del Puerto
0%
10 Baunatal
0%
5 Campamento
0%
7 Cartagena
0%
12 Casa del Reloj
0%
9 Concha Espina
0%
6 Conde de Casal
0%
12 Conservatorio
0%
7 Coslada Central
0%
9 Cruz del Rayo
0%
9 Duque de Pastrana
0%
12 El Bercial
0%
12 El Carrascal
0%
12 El Cesar
0%
5 Empalme
0%
7 Estafio Metropolitano
0%
9 Estralla
0%
5 Eugenja de Montijo
0%
7 Garcia Noblejas
0%
7 Henares
0%
9 Herrera Oria
0%
7 Hospital de Henares
0%
12 Hospital Severo Ochoa
0%
7 Ilslas Filipinas
0%
7 Jarama
0%
12 Julian Besteiro
0%
7 Lacoma
0%
10 La Granja
0%
10 La Moraleja
0%
7 La Rambla
0%
7 Las Musas
0%
10 Las Tablas
0%
Ligne 1 Ligne 1
0%
Ligne 10 Ligne 10
0%
Ligne 11 Ligne 11
0%
Ligne 12 Ligne 12
0%
Ligne 2 Ligne 2
0%
Ligne 3 Ligne 3
0%
Ligne 4 Ligne 4
0%
Ligne 5 Ligne 5
0%
Ligne 6 Ligne 6
0%
Ligne 7 Ligne 7
0%
Ligne 8 Ligne 8
0%
Ligne 9 Ligne 9
0%
12 Los Espartales
0%
10 Manuel de Falla
0%
10 Marques de la Valdavia
0%
9 Mirasierra
0%
10 Montecarmelo
0%
11 Pan Bendito
0%
7 Penagrande
0%
12 Pradillo
0%
9 Puerta de Arganda
0%
10 Reyes Catolicos
0%
10 Ronda de la Comunicacion
0%
4 San Bernando
0%
7 San Fernando
0%
11 San Francisco
0%
12 San Nicasio
0%
7 Simancas
0%
7 Valdezarza
0%
Aucun quiz correspondant
Distribution des résultats
% des personnes avec chaque résultat
Percentile par nombre de réponses
Votre historique - résultats
Vous n’avez pas pris ce quiz